000 01554nim a2200361 i 4500
001 197387
003 ES-MaACL
005 20250828062639.0
007 ss lsnjlcipnne
008 200525s1991 sp nnnn |||| 00| spa d
040 _bspa
_cES-MaACL
245 0 0 _aCiclo "Ancianos: problemas y recursos"
_h[Grabación sonora]
260 _aMadrid :
_bAteneo de Madrid,
_c1991
300 _a1 casete (ca. 90 min) :
_bson. ;
_c11 cm
490 1 _3Actos culturales en el Ateneo de Madrid
518 _aGrabado el 16 de abril de 1991 en el Salón de Actos del Ateneo de Madrid.
520 _aCiclo que contiene las conferencias "Del amor a la muerte" por Ingala, psicoanalista; "Asistencia geriátrica en España" por Isidoro Ruiperez, geriatra y "La instancia gris" por Juan Casco, psiquiatra.
540 _aDocumento inédito
594 _5Datos basados en la invitación.
610 2 0 _aAteneo de Madrid-
_xActos culturales-
_y1991-
_vGrabaciones sonoras
_9240452
650 4 _99810
_aAncianos-
_xSituación social
_zEspaña-
653 _aArchivo de la palabra
700 1 _9240652
_aRuipérez Cantera, Isidoro
_eora
700 0 _965274
_aIngala, Armando
_eora
700 _9240256
_aCasco Solís, Juan
_eora
700 0 _967251
_aJulios Puerta, Francisca
_ecoor
710 2 _91974
_aAteneo de Madrid.
_ehis
_bSección de Ciencias de la Salud
830 0 _aActos culturales en el Ateneo de Madrid
_9240237
852 _aES-MaACL
_cDEPOZ
_9205730
942 _2udc
_n0
_cCINTASAUD
999 _c197387
_d197387